LEADER 00886nam a2200205 i 4500 001 000000222754 003 CaOOAMICUS 005 20130925000000.0 008 130925s1934 it u000 u ita u 013 $a201651 040 $aSeMil$bita 245 13$aLa pieve di Corazzano e una scritta di Messer Matteo delle Macchie /$cEmilio Sanesi. 260 $aLucca :$bScuola Tipografica Artigianelli,$c1934. 300 $a8 p. ;$c25 cm. 500 $aEstratto dal "Bollettino Storico Lucchese" A. 7 (1935) n. 1. 650 4$aLucca - Storia.$0(OLS)http://semarc/subject/6985 850 $aSeMil 852 $aSeMil$W1$xVenegono$y1$m5D VII 20/4$j173100$B173100$CSeMilBibl$Z2$F183398 $81 996 $6245$aLa pieve di Corazzano e una scritta di Messer Matteo delle Macchie$9(OLS)http://semarc/title/319381 996 $6260$aLucca :$bScuola Tipografica Artigianelli$9(OLS)http://semarc/publisher/53279 LEADER 01484nam a2200301 i 4500 001 000000074770 003 CaOOAMICUS 005 20130320000000.0 008 130320s1990 it u000 u ita u 013 $a45942 020 $a88-10-40529-3 040 $aSeMil$bita 100 1 $aPattaro, Germano.$0(OLS)http://semarc/name/20495 245 13$aLa svolta antropologica :$bun momento forte della teologia contemporanea /$cGermano Pattaro ; a cura di M. Cristina Bartolomei e Alberto Gallas. 260 $aBologna :$bEDB,$ccopyr. 1990 (stampa 1991) 300 $a677 p. ;$c22 cm. 490 0 $aNuovi saggi teologici : collana interconfessionale per la promozione della ricerca teologica ;$v29 600 14$aMoltmann, Jürgen <1926-2024>.$0(OLS)http://semarc/subject/5573 650 4$aTeologia contemporanea - Studi.$0(OLS)http://semarc/subject/792 700 1 $aGallas, Alberto,$d<1951-2003>.$0(OLS)http://semarc/name/3129 700 1 $aBartolomei, Maria Cristina.$0(OLS)http://semarc/name/29618 830 0$aNuovi saggi teologici ;$v29.$0(OLS)http://semarc/title/422386 850 $aSeMil 852 $aSeMil$W1$xVenegono$y1$m2LA N 29$j263014$B40922$CSeMilBibl$Z2$F40926 $81 961 $aOmaggio: Donazione 996 $6020$a88-10-40529-3$9(OLS)http://semarc/number/55087 996 $6245$aLa svolta antropologica :$bun momento forte della teologia contemporanea$9(OLS)http://semarc/title/121256 996 $6260$aBologna :$bEDB$9(OLS)http://semarc/publisher/29669